00643nam a2200229 a 4500001001300000003000900013005001700022008004100039020001000080082001700090100001800107245002400125260003200149300000900181500003500190650002000225700001800245902000800263942000700271952011800278999001700396nice12345678IN_TiNIC20260116014255.0080605s2007 luca grp 000 0 urd  ac12000a297.338bALI aAli, Muhammed aMakhzan-E-amaliyaat aLucknowbNizami Pressc2007 a398p aincludes index and biblioraphy aOccultism-Islam1 aAli, Muhammed bSRS cBK 001040708StackRoom-aHMIbHMId2008-06-05g120.00l0o297.338 ALIp022412r2008-06-05v120.00w2008-06-05yBK c14603d14603